batman- le quiz ultime (pas si ultime que ca) - Statistiques

Statistiques générales
  • Ce quiz a été pris 53 fois
  • Le résultat moyen est 5 sur 15
Statistiques - réponses
questions réponses % Correct
Est ce que Harvey dent est double face ? oui
88%
Qui n'est pas Harley Quinn ? le joker
74%
Qui est alfred ? alfred
70%
Qui est batman ? batman
70%
Qui est robin ? robin
70%
Qui est harvey dent ? harvey dent
53%
Qui n'est pas Harley Quinn ? (2) (indice margot robbie) margot robbie
47%
Qui est le joker ? heath ledger
7%
Qui est val kilmer ? un acteur
2%
Qui est le sphinx ? bonne question
0%
Qui est le président de la France en 1974 ? gordon
0%
Qui est le premier ministre de la France en 1954 ? le prince du condiment
0%
Qui est le pingouin ? pas un pingouin
0%
Qui est l'epouvantail ? thomas Shelby
0%
Qui est gueule d'argile ? un tas de boue
0%
Aucun quiz correspondant
Distribution des résultats
% des personnes avec chaque résultat
Percentile par nombre de réponses
Votre historique - résultats
Vous n’avez pas pris ce quiz